000 00861nam a2200289 i 4500
001 000014160
003 DO-SdBNP
005 20260407093852.0
007 ta
008 091207s2003 dr ac 000 0 spa d
020 _a9993422509
040 _aDO-SdBNP
_bspa
_cBNPHU
_erda
041 _aspa
082 4 _axxx
_bZ12f
_222
100 1 _aZabala, Roque
_eautor
_932003
_4aut.
245 1 3 _aLa trinitaria y sus fundadores /
_cRoque Zabala.
250 _aSegunda edición
264 _aSanto Domingo, República Dominicana :
_bEl Nuevo Diario,
_c2003.
300 _a208 páginas :
_bilustraciones, retratos ;
_c23 cm.
336 _atexto
_btxt
_2rdacontent
337 _asin mediación
_bn
_2rdamedia
338 _avolumen
_bnc
_2rdacarrier
504 _aBibliografía: páginas 207-208
590 _aInventariado, 2026/DG
910 _aDG
942 _2ddc
_cLBS1
999 _c13762
_d13762